| 000 | 02056 a2200229 4500 | ||
|---|---|---|---|
| 003 | UA-OsUOA | ||
| 005 | 20260330102338.0 | ||
| 008 | 260304b un ||||| |||| 00| 0 ukr d | ||
| 020 | _a9789668924422 | ||
| 040 |
_bukr _cUA-OsUOA |
||
| 080 | _a82.09(477) | ||
| 090 |
_a82.09(477) _bС16 |
||
| 100 |
_aСалига Т. _923358 |
||
| 245 |
_aФранко – Каменяр _cТарас Салига |
||
| 260 |
_aУжгород _bГражда _c2007 |
||
| 300 |
_a128 с. _bіл. |
||
| 520 | _aФранкові святкові дати: „40-річний ювілей літературної та громадської діяльності письменника"(1912 р.)та „150-ліття від дня народження Каменяра"(2006 р.) позначились не тільки розмаїтістю фундаментальних дослідженьпро життя і творчість славетного сина України, але й „спричинили" в періодиці появу ряду псевдонаукових і недлброзичливих опусів. Зараз автор пропонує читацькій увазі статті, що недавно (2006 р.) з’явились у періодичній пресі як заперечення поширюваної надуманої тези „Франко-не каменяр!". Видання подає уривок тексту видатного українського художника Івана Труша „Іван Франко і наша суспільність", опубліковану У газеті „Діло"18 вересня 1912 р. у зв’язку з тогочасними нападами на поета. | ||
| 650 |
_a82.09 Літературна критика. Літературні дослідження _91582 |
||
| 942 |
_cBK _2udc |
||
| 955 | _a1 | ||
| 999 |
_c579970 _d579970 |
||